000 00621nam a2200169Ia 4500
003 GCL
008 140319s9999 xx 000 0 ara d
040 _aGCL /
_cGCL
082 0 4 _a227
_bف خ
100 1 _aفريد عوض حيدر
245 1 0 _aالخصائص الدلالية لايات المعاملات المادية فى القران الكريم : مع تطبيق لنظرية المجالات الدلالية /
_cفريد عوض حيدر
490 _a100 قصة
_v0
650 0 4 _aعلوم القران
650 0 4 _aتفسير القران الكريم
650 0 4 _aعلم الدلالة
942 _2ddc
_cBK
999 _c43982
_d43982